Loading...
| Beliefs | 0 | 6 | 1 | 2 | 55 | 106 | 130.00 | 2 | 6 | 0.00 | 0.00 |
| Literature - British | 1 | 4 | 0 | 1 | 55 | 24 | 100.60 | 2 | 5 | 0.00 | 0.00 |
| 1 | 4 | 1 | 0 | 50 | 22 | 89.80 | 4 | 5 | 0.00 | 0.00 | |
| Fine Arts - Visual | 0 | 5 | 0 | 2 | 50 | 81 | 97.20 | 1 | 5 | 0.00 | 0.00 |
| Literature - European | 2 | 2 | 0 | 0 | 50 | 65 | 81.50 | 0 | 4 | 0.00 | 0.00 |
| Philosophy | 1 | 3 | 0 | 0 | 45 | 62 | 99.25 | 1 | 4 | 0.00 | 0.00 |
| Science - Biology | 1 | 3 | 0 | 1 | 45 | 30 | 88.50 | 1 | 4 | 0.00 | 0.00 |
| History - American | 2 | 2 | 1 | 0 | 45 | 63 | 88.50 | 1 | 4 | 0.00 | 0.00 |
| Social Science | 0 | 4 | 1 | 0 | 35 | 69 | 96.25 | 2 | 4 | 0.00 | 0.00 |
| Fine Arts - Auditory | 1 | 2 | 0 | 1 | 35 | 66 | 92.33 | 1 | 3 | 0.00 | 0.00 |
| Science - Chemistry | 1 | 2 | 1 | 0 | 30 | 63 | 95.00 | 2 | 3 | 0.00 | 0.00 |
| History - World | 1 | 2 | 1 | 0 | 30 | 67 | 89.33 | 2 | 3 | 0.00 | 0.00 |
| History - European | 1 | 1 | 0 | 1 | 25 | 60 | 104.50 | 1 | 2 | 0.00 | 0.00 |
| Science - Physics | 0 | 2 | 0 | 0 | 20 | 92 | 93.00 | 0 | 2 | 0.00 | 0.00 |
| Other Arts: Auditory | 0 | 2 | 0 | 0 | 20 | 133 | 138.50 | 0 | 2 | 0.00 | 0.00 |
| Other Arts: Visual | 0 | 2 | 0 | 0 | 20 | 72 | 86.50 | 1 | 2 | 0.00 | 0.00 |
| Geography | 1 | 0 | 0 | 0 | 15 | 64 | 64.00 | 1 | 1 | 0.00 | 0.00 |
| Literature - American | 0 | 2 | 2 | 0 | 10 | 87 | 95.50 | 0 | 2 | 0.00 | 0.00 |
| Other Academic | 0 | 1 | 1 | 0 | 5 | 140 | 140.00 | 0 | 1 | 0.00 | 0.00 |
| Other Science: Earth Science | 0 | 1 | 1 | 0 | 5 | 57 | 57.00 | 0 | 1 | 0.00 | 0.00 |
| Religion | 0 | 0 | 1 | 0 | -5 | 0.00 | 0 | 0 | 0.00 | 0.00 |